| 000 | 01264cab a22002295a 4500 | ||
|---|---|---|---|
| 001 | L140015 | ||
| 008 | 070829e20070705xxk f 000 0 eng d | ||
| 035 | _a(Sirsi) u140015 | ||
| 041 | 0 | _aeng | |
| 100 | 1 | _aAtkinson, Daniel | |
| 245 | 0 | 2 | _aA frustrating state of affairs |
| 260 | _c2007 | ||
| 490 | 0 |
_aConstruction News _v(7025) 5 July 2007, 22(1) |
|
| 520 | _aExamines the doctrine of frustration of contract and the problems it can cause with some standard forms of contracts. Frustration of contract occurs when an event beyond the control of either party makes it impossible for either to fulfil their contractual obligations. Notes that the NEC 3 form of contract is of little practical use in the event of frustration (clause 91.5), and illustrates this point with discussion of "Edwinton Commercial Corporation v Tsavliris Russ" ([2007] EWCA Civ 547, unreported). | ||
| 590 | _aKA | ||
| 650 | 2 | 4 | _aNEW ENGINEERING CONTRACT (THIRD EDITION) |
| 650 | 2 | 4 | _aICE CONDITIONS OF CONTRACT 7TH EDITION |
| 650 | 2 | 4 | _aEDWINTON COMMERCIAL CORPORATION AND ANOTHER V TSAVLIRIS RUSS (WORLDWIDE SALVAGE AND TOWAGE) LTD |
| 651 | 4 |
_aEngland and Wales _y1543- |
|
| 690 | _aBUILT ENVIRONMENT-CONSTRUCTION MANAGEMENT-BUILDING CONTRACT ADMINISTRATION | ||
| 942 | _n0 | ||
| 999 |
_c79161 _d79161 |
||